Weiter zum Inhalt

Финансовый менеджмент на предприятиях нефтяной и газовой промышленности Учебное пособие

Учебное пособие представляет собой базовый курс динамично развивающейся дисциплины «Финансовый менеджмент» с подробными примерами из хозяйственной практики российских предприятий нефтяной и газовой промышленности. В книге рассмотрены принципы анализа и финансового планирования критерии оценки инвест...

Ausführliche Beschreibung

Gespeichert in:
Bibliographische Detailangaben
1. Verfasser: Гинзбург С.Е
Format: Учебное пособие
Ausgabe:1
Schriftenreihe:Высшее образование: Магистратура
Online Zugang:https://znanium.com/catalog/document?id=354740
https://znanium.com/cover/1002/1002719.jpg
Tags: Tag hinzufügen
Keine Tags, Fügen Sie den ersten Tag hinzu!
LEADER 04202nam0a2200397 i 4500
001 RU\infra-m\znanium\bibl\1002719
003 https://znanium.com/catalog/document?id=354740
005 20220702000000.0
010 |a 978-5-16-011947-2 
010 |a 978-5-16-104510-7  |b электр. издание 
100 |a 20220702d2020 m y0rusy0150 ca 
101 0 |a rus 
102 |a RU 
200 1 |a Финансовый менеджмент на предприятиях нефтяной и газовой промышленности  |e Учебное пособие  |f Лингва сервис центр  |g Альметьевский государственный нефтяной институт 
205 |a 1 
210 1 |a Москва  |c ООО "Научно-издательский центр ИНФРА-М"  |d 2019 
215 |a 287 с. 
225 1 |a Высшее образование: Магистратура 
330 |a Учебное пособие представляет собой базовый курс динамично развивающейся дисциплины «Финансовый менеджмент» с подробными примерами из хозяйственной практики российских предприятий нефтяной и газовой промышленности. В книге рассмотрены принципы анализа и финансового планирования критерии оценки инвестиционных проектов способы управления оборотными средствами теории структуры капитала дивидендная политика компании и факторы влияющие на нее инвестиционная политика компании а также некоторые специфические аспекты финансового менеджмента. Приведены задачи по темам рассмотренным в теории. Для контроля полученных знаний представлены тестовые вопросы. Соответствует требованиям Федерального государственного образовательного стандарта высшего образования последнего поколения. Для студентов вузов обучающихся по специальности 080502.65 «Экономика и управление на предприятиях нефтяной и газовой промышленности» и слушателей занимающихся по программе профессиональной переподготовки по данной специальности (второе образование). 
333 |a ВО - Бакалавриат 
606 |a Управление (менеджмент)  |x Менеджмент в промышленности  |2 local 
608 |a Учебное пособие  |2 local 
675 |a 336.6(075.8)  |z rus 
686 |a 65.290-2я73  |2 rubbk 
686 |a 21.03.01  |2 okso 
686 |a 21.04.01  |2 okso 
686 |a 38.03.02  |2 okso 
686 |a 38.04.02  |2 okso 
686 |a 41.03.06  |2 okso 
700 1 |a Гинзбург  |b С.Е.  |g Сергей Евгеньевич  |p Лингва сервис центр 
701 1 |a Краснова  |b Л.Н.  |g Лидия Николаевна  |p Альметьевский государственный нефтяной институт 
701 1 |a Садыкова  |b Р.Р.  |g Регина Рафкатовна  |p Альметьевский государственный нефтяной институт 
712 0 2 |a Альметьевский государственный нефтяной институт 
801 0 |a RU  |b Общество с ограниченной ответственностью «ЗНАНИУМ»  |c 20180929  |2 rusmarc 
856 4 |a znanium.com  |m ebs_support@infra-m.ru  |n НИЦ ИНФРА-М  |u https://znanium.com/catalog/document?id=354740 
856 4 1 |a znanium.com  |d /cover/1002  |f 1002719.jpg  |q image/jpeg  |u https://znanium.com/cover/1002/1002719.jpg